| 000 | 00936nam a22002417a 4500 | ||
|---|---|---|---|
| 001 | 41521 | ||
| 003 | BD-RjUL | ||
| 005 | 20211209053414.0 | ||
| 008 | 160601s1977 ii ||||| |||| 00| 0 ben d | ||
| 020 | _c: IRs 20.00 | ||
| 035 | _a(BD-RjUL)41639 | ||
| 040 |
_aBD-RjUL _bben _cBD-RjUL |
||
| 041 | _aben | ||
| 082 |
_223 _a851.08 _bDAD 1977 |
||
| 100 |
_aদান্তে _9127600 |
||
| 245 | 1 | 0 |
_aদান্তে রচনাসমগ্র / _cদান্তে ; অনুবাদ সুধাংশুরঞ্জন ঘোষ |
| 260 |
_aকলকাতা : _bতুলি-কলম, _c১৯৭৭ |
||
| 300 |
_axx, ৪৬০ পৃ. ; _c২১ সেমি. |
||
| 650 |
_aইতালিয়ান কবিতা _9127601 _xসংগ্রহ |
||
| 650 |
_aItalyan Poetry _9127602 _xCollection |
||
| 700 |
_aঘোষ, সুধাংশুরঞ্জন, অনুবাদ _9127603 |
||
| 942 |
_2ddc _cBK |
||
| 999 |
_c41521 _d41521 |
||